000 00480nam a22001577a 4500
003 PILC
005 20150810165453.0
008 150810b xxu||||| |||| 00| 0 eng d
050 _aBJ 1480
_b.Sa175 2014
100 _aSalonga, C.C.
245 _aHappiness for life:
_byour guide to real, complete and lasting joy /
_cC.C. Salonga.
260 _aManila :
_bEresbook Publishing, Inc.,
_c2014.
300 _axxii, 150 pages ;
_c22 cm.
650 _aHappiness.
942 _2lcc
_cBK
_kLOC
999 _c288387
_d288387